Stochastic processes : (Record no. 7083)
[ view plain ]
| 000 -LEADER | |
|---|---|
| fixed length control field | 01021cam a2200325 a 4500 |
| 001 - CONTROL NUMBER | |
| control field | 7083 |
| 003 - CONTROL NUMBER IDENTIFIER | |
| rucl marc code | BD-RjUL |
| 005 - DATE AND TIME OF LATEST TRANSACTION | |
| control field | 20211208234349.0 |
| 008 - FIXED-LENGTH DATA ELEMENTS--GENERAL INFORMATION | |
| fixed length control field | 140113s1977 nyu b 001 0 eng |
| 020 ## - INTERNATIONAL STANDARD BOOK NUMBER | |
| International Standard Book Number | 0387902759 |
| 035 ## - SYSTEM CONTROL NUMBER | |
| System control number | (BD-RjUL)7125 |
| 040 ## - CATALOGING SOURCE | |
| Original cataloging agency | LC |
| Language of cataloging | eng |
| Transcribing agency | LC |
| Modifying agency | NNCU:A |
| -- | BD-RjUL |
| 041 ## - LANGUAGE CODE | |
| Language code of text/sound track or separate title | eng |
| 082 04 - DEWEY DECIMAL CLASSIFICATION NUMBER | |
| Classification number | 519.2 |
| Author mark and year | LAS 1977 |
| 100 1# - MAIN ENTRY--PERSONAL NAME | |
| Personal name | Lamperti, J. |
| Fuller form of name | (John) |
| 9 (RLIN) | 22188 |
| 245 10 - TITLE STATEMENT | |
| Title | Stochastic processes : |
| Remainder of title | a survey of the mathematical theory / |
| Statement of responsibility, etc. | by J. Lamperti. |
| 260 ## - PUBLICATION, DISTRIBUTION, ETC. (IMPRINT) | |
| Place of publication, distribution, etc. | New York : |
| Name of publisher, distributor, etc. | Springer-Verlag, |
| Date of publication, distribution, etc. | c1977. |
| 300 ## - PHYSICAL DESCRIPTION | |
| Pagination | xiv, 266 p. ; |
| Size | 24 cm. |
| 490 1# - SERIES STATEMENT | |
| Series statement | Applied mathematical sciences ; |
| Volume/sequential designation | v. 23 |
| 504 ## - BIBLIOGRAPHY, ETC. NOTE | |
| Bibliography, etc | Includes index. |
| Bibliography, etc | Bibliography: p. [260] |
| 650 #0 - SUBJECT ADDED ENTRY--TOPICAL TERM | |
| Topical term or geographic name as entry element | Stochastic processes. |
| 9 (RLIN) | 22189 |
| Topical term or geographic name as entry element | Stationary processes. |
| 9 (RLIN) | 21662 |
| Topical term or geographic name as entry element | Markov processes. |
| 9 (RLIN) | 20601 |
| 830 #0 - SERIES ADDED ENTRY--UNIFORM TITLE | |
| Volume number/sequential designation | v. 23. |
| Uniform title | Applied mathematical sciences (Springer-Verlag New York Inc.) ; |
| 942 ## - ADDED ENTRY ELEMENTS (KOHA) | |
| Source of classification or shelving scheme | Dewey Decimal Classification |
| Koha item type | Books |
| Lost status | Source of classification or shelving scheme | Damaged status | Not for loan | Collection code | Permanent Location | Current Location | Shelving location | Date acquired | Source of acquisition | Cost, normal purchase price | Total Checkouts | Full call number | Date last seen | Copy number | Koha item type |
|---|---|---|---|---|---|---|---|---|---|---|---|---|---|---|---|
| Dewey Decimal Classification | Not For Loan | Non-fiction | Central Library, University of Rajshahi | Central Library, University of Rajshahi | 30/09/1980 | Heffers. | 7.00 | 519.2 LAS 1977 | 13/01/2014 | C-1 | Books |